000 01011nas a2200337 4500
001 BR2016001556
003 BR-BrBNA
005 20231205130252.0
007 ta
008 230509b bl.|||p| |||| 00| 00por d
040 _aBR-BrBNA
_bpor
_cBiblioteca Nacional de Agricultura
041 _a(Pt)
072 _aL51; L02; Q52
100 1 _aBarbosa, H.P.
100 1 _aTrindade Neto, M.A. da
100 1 _aSordi, I.M.P. de
100 1 _aSchammass, E.A.
245 1 _aEfeitos dos processamentos do milho comum e soja integral no desempenho de leitões desmamados aos 21 dias de idade
650 _aLEITÃO
650 _aDESMAMA
650 _aEXTRUSÃO
650 _aMILHO
650 _aSOJA
650 _aCALOR
650 _aGELATINIZAÇÃO
650 _aTRATAMENTO DE ALIMENTO
650 _aNUTRIÇÃO ANIMAL
773 0 _tBoletim de Indústria Animal (Brazil)
_xISSN 0067-9615
_g(1999), v. 56(1) p. 59-66
_wBR2016001556
909 _a202311
_bLúcia
_c55
_dLúcia Elande
942 _2AGRIS
_n0
_cANA
999 _c248558
_d248558